LEADER 01163nam a2200253 i 4500 001 000000169965 003 CaOOAMICUS 005 20080306000000.0 008 080306s1930 it u000 u ita u 013 $a147370 040 $aSeMil$bita 100 1 $aMedici, Luigi.$0(OLS)http://semarc/name/21332 245 10$aCarlo Maria Maggi :$bpoeta meneghino /$cLuigi Medici e Gian Antonio Maggi. 260 $aMilano :$bLa Famiglia Meneghina,$c1930. 300 $a353 p. ;$c20 cm. 490 0 $aI libri della Famiglia meneghina 500 $aContiene : Bibliografia minima. - In mezzo al front : Pubblicazione per il terzo centenario della nascita. 650 4$aMaggi, Carlo Maria <1630-1699>.$0(OLS)http://semarc/subject/18577 700 1 $aMaggi, Gian Antonio <1856-1937>.$0(OLS)http://semarc/name/63662 830 2$aI libri della Famiglia meneghina.$0(OLS)http://semarc/title/19867 850 $aSeMil 852 $aSeMil$W1$xVenegono$y1$m1S VI 31$j120869$B120869$CSeMilBibl$Z2$F132210 $81 996 $6245$aCarlo Maria Maggi :$bpoeta meneghino$9(OLS)http://semarc/title/243071 996 $6260$aMilano :$bLa Famiglia Meneghina$9(OLS)http://semarc/publisher/32974 LEADER 01397nam a2200301 i 4500 001 000000211936 003 CaOOAMICUS 005 20120320000000.0 008 120320s1999 it u000 u fre u 013 $a190757 020 $a2-87718-882-5 040 $aSeMil$bita 100 1 $aFaivre, Alexandre.$0(OLS)http://semarc/name/44577 245 14$aLes premiers laïcs :$blorsque l'Eglise naissait au monde /$cAlexandre Faivre. 260 $aStrasbourg :$bÉditions du Signe,$c1999. 300 $a323 p. :$bill. ;$c24 cm. 490 0 $aCroire & comprendre 650 4$aChiesa cattolica e laicismo - Storia.$0(OLS)http://semarc/subject/3645 650 4$aCristianesimo primitivo - Laici - Chiesa.$0(OLS)http://semarc/subject/21412 650 4$aLaicato - Chiesa cattolica.$0(OLS)http://semarc/subject/12438 650 4$aLaici - [Partecipazione alla vita della] Chiesa - Storia.$0(OLS)http://semarc/subject/39733 830 0$aCroire & comprendre.$0(OLS)http://semarc/title/35702 850 $aSeMil 852 $aSeMil$W1$xVenegono$y1$m2F V 237$j162375$B162375$CSeMilBibl$Z2$F173643 $81 961 $aOmaggio: Bressan don Luca 996 $6020$a2-87718-882-5$9(OLS)http://semarc/number/207329 996 $6245$aLes premiers laïcs :$blorsque l'Eglise naissait au monde$9(OLS)http://semarc/title/306047 996 $6260$aStrasbourg :$bÉditions du Signe$9(OLS)http://semarc/publisher/36834